Central Library OPAC University of Rajshahi

Elementary statistics with applications in medicine and the biological sciences / (Record no. 51890)

MARC details
000 -LEADER
fixed length control field 00912nam a2200253 4500
001 - CONTROL NUMBER
control field 51890
003 - CONTROL NUMBER IDENTIFIER
rucl marc code BD-RJUL
005 - DATE AND TIME OF LATEST TRANSACTION
control field 20211209075727.0
008 - FIXED-LENGTH DATA ELEMENTS--GENERAL INFORMATION
fixed length control field 160904r19591953us a b 000 0 eng d
035 ## - SYSTEM CONTROL NUMBER
System control number BD-RjUL52010
040 ## - CATALOGING SOURCE
Original cataloging agency BD-RjUL
Language of cataloging eng
Transcribing agency BD-RjUL
041 ## - LANGUAGE CODE
Language code of text/sound track or separate title eng
082 ## - DEWEY DECIMAL CLASSIFICATION NUMBER
Edition number 23
Classification number 519.5
Author mark and year CRE 1959
100 1# - MAIN ENTRY--PERSONAL NAME
Personal name Croxton, Frederick Emory,
Dates associated with a name 1899-1991.
9 (RLIN) 155201
245 10 - TITLE STATEMENT
Title Elementary statistics with applications in medicine and the biological sciences /
Statement of responsibility, etc. by Frederick E. Croxton
260 ## - PUBLICATION, DISTRIBUTION, ETC. (IMPRINT)
Place of publication, distribution, etc. New York :
Name of publisher, distributor, etc. Dover Publications,
Date of publication, distribution, etc. 1959
300 ## - PHYSICAL DESCRIPTION
Pagination vii, 376 p :
Illustrations ill. ;
Size 21 cm
500 ## - GENERAL NOTE
General note "An unabridged and corrected republication of the work first published under the title, Elementary statistics with applications in medicine."
504 ## - BIBLIOGRAPHY, ETC. NOTE
Bibliography, etc Bibliographical footnotes
650 #0 - SUBJECT ADDED ENTRY--TOPICAL TERM
Topical term or geographic name as entry element Statistics.
9 (RLIN) 155202
Topical term or geographic name as entry element Medical statistics
9 (RLIN) 140990
942 ## - ADDED ENTRY ELEMENTS (KOHA)
Source of classification or shelving scheme Dewey Decimal Classification
Koha item type Books
Holdings
Lost status Source of classification or shelving scheme Damaged status Not for loan Collection code Permanent Location Current Location Shelving location Date acquired Source of acquisition Cost, normal purchase price Total Checkouts Full call number Date last seen Copy number Koha item type
  Dewey Decimal Classification     Non-fiction Central Library, University of Rajshahi Central Library, University of Rajshahi   18/11/1968 Zeetlinger 19.50   519.5 CRE 1959 04/09/2016 C-2 Books
  Dewey Decimal Classification     Non-fiction Central Library, University of Rajshahi Central Library, University of Rajshahi   18/11/1968 Zeetlinger 19.50   519.5 CRE 1959 04/09/2016 C-3 Books